| 000 | 03960cam a2200361 i 4500 | ||
|---|---|---|---|
| 999 |
_c41635 _d41635 |
||
| 001 | 21635311 | ||
| 003 | OSt | ||
| 005 | 20221101113326.0 | ||
| 008 | 200730t2021 caua b 001 0 eng | ||
| 010 | _a 2020034940 | ||
| 020 |
_a9789353885106 _q(Paperback) |
||
| 020 |
_z9789353885120 _q(ePub) |
||
| 020 |
_z9789353885113 _q(eBook) |
||
| 040 |
_aDLC _beng _cDLC _erda _dDLC |
||
| 042 | _apcc | ||
| 050 | 0 | 0 |
_aG155.A1 _bS474 2021 |
| 082 | 0 | 0 |
_a338.4791 _223 _bSHA/I |
| 100 | 1 |
_aSharma, Shailja _eauthor. _99201 |
|
| 245 | 1 | 0 |
_aIntroduction to tourism / _cShailja Sharma. |
| 264 | 1 |
_aThousand Oaks, California ; _aNew Delhi, India : _bSAGE Texts, an imprint of SAGE Publishing, _c2021. |
|
| 264 | 4 | _c© 2021 | |
| 300 |
_a487 pages _c25 cm |
||
| 336 |
_atext _btxt _2rdacontent |
||
| 337 |
_aunmediated _bn _2rdamedia |
||
| 338 |
_avolume _bnc _2rdacarrier |
||
| 504 | _aIncludes bibliographical references and index. | ||
| 505 | 0 | _aSection A: The Building Blocks of Tourism. What is tourism? -- Motivations for travelling -- Types of tourism -- Niche tourism products -- Components of tourism industry -- Tourism resources to tourism products -- Types of tourism markets -- The New Age traveller -- Positive impacts of tourism -- Negative impacts of tourism -- Case Studies -- Section B: Lifeline of Tourism Business. Attractions -- Accessibility: Part 1 -- Accessibility: Part 2 -- Accommodation -- Alternative forms of accommodation -- Amenities -- Activities at a destination -- Case Studies -- Section C: The Trending Holidaying. Planning a vacation -- Travel stages -- Travel formalities -- Travel stress -- Pre departure checklist for travellers -- Case Studies -- Section D: The Experience Facilitators. The touch points of tourism industry -- Travel intermediaries -- The tour leader -- The tour guide -- The cab driver -- Role of government in promoting tourism -- Case Studies -- Section E: Challenges and Opportunities in Tourism Industry. Handling emergency situations -- Obstacles and threats to tourism -- Emerging trends in tourism -- Career opportunities in travel and tourism -- Over tourism -- Travel green: Practice responsible travel -- Case Studies. | |
| 520 |
_a"A stepping stone for everyone aspiring to make a career in the tourism and hospitality industry, this textbook builds a strong groundwork of basic concepts and explains theories and their applications in real-life situations. Using situational case studies, vignettes on world class destinations and wide ranging examples, Introduction to Tourism aims to create awareness and understanding among the readers on the functioning of the tourism industry. It offers insights into how countries devise their tourism marketing strategies and how to deal with situations while working with tourists and travellers. Each section of the book has been thematically designed and mapped with the curriculum of major universities for distinct learning outcomes. This book is meant to be a compact and constant companion for all students undergoing any kind of training in the tourism and hospitality industry to enhance their professional skills. Key Features: Special focus on emerging trends and situations in the tourism sector, including the effect of COVID-19 on the industry and its functioning; Comprehensive coverage of the five A's of tourism industry citing latest examples and new evolving patterns; Each section aided by case studies with well defined learning outcomes and discussion questions for classroom teaching; Each chapter facilitated with an opening vignette, learning objectives and chapter end activities for self assessment as well as group projects"-- _cProvided by publisher. |
||
| 650 | 0 | _aTourism. | |
| 906 |
_a7 _bcbc _corignew _d1 _eecip _f20 _gy-gencatlg |
||
| 942 |
_2ddc _cBK _h338.4791 _iSHA/I _k338.4791 _mSHA/I |
||